00758nam a2200229 i 4500001000300000100002100003245007700024260003400101490005000135700002400185830004700209020001500256040000800271041000800279080001100287920001800298942000700316008004100323999001700364856009800381952004900479bg1 aYONG, Raymond N. 0aSoil properties and behaviour /cby Raymond N. Yong, Benno P. Warkentin. aAmsterdam :bElsevier,c1975.1 aDevelopments in Geotechnical Engineering ;v51 aWARKENTIN, Benno P. aDevelopments in Geotechnical Engineering ; a0444411674 cBPK apol a624.13 a0-444-41167-4 cKS s pl f |000 0 pol  c27800d27800 uhttp://koha.tu.koszalin.pl/cgi-bin/koha/opac-detail.pl?biblionumber=27800yKatalog online BPK 00104070aBPKbBPKcwo22854p01925890yKS